Normal view MARC view

Entry Nombre corporativo

Number of records used in: 6

001 - NÚMERO DE CONTROL

  • campo de control: 10799

003 - IDENTIFICADOR DE NÚMERO DE CONTROL

  • campo de control: OSt

005 - FECHA Y HORA DE LA ÚLTIMA TRANSACCIÓN

  • campo de control: 20221005155433.0

008 - ELEMENTOS DE DATO DE LONGITUD-FIJA

  • campo de control de longitud fija: 221005|| aca||aabn | a|a d

040 ## - FUENTE DE CATALOGACIÓN

  • Centro catalogador/agencia de origen: OSt
  • Centro/agencia transcriptor: OSt

110 ## - ENCABEZAMIENTO-NOMBRE DE ENTIDAD CORPORATIVA

  • Nombre de entidad corporativa o nombre de jurisdicción como elemento de entrada: INSTITUTO OFICIAL DE RADIO Y TELEVISION
  • Sede del congreso/Lugar de la reunión: España

670 ## - FUENTE DE DATOS ENCONTRADOS

  • Cita de la fuente: Work cat.: (OSt)10804: LOPEZ DIEZ, Pilar. dir. 10798, Representación de género en los informativos de Radio y Televisión /, 2001

Powered by Koha